| 000 -LEADER |
| fixed length control field |
00263ngm a2200109Ia 4500 |
| 008 - FIXED-LENGTH DATA ELEMENTS--GENERAL INFORMATION |
| fixed length control field |
180904s9999||||xx ||| | || ||und|| |
| 082 ## - DEWEY DECIMAL CLASSIFICATION NUMBER |
| Classification number |
070 |
| Item number |
WHI/H |
| 100 ## - MAIN ENTRY--PERSONAL NAME |
| Personal name |
White, Tony |
| 245 #0 - TITLE STATEMENT |
| Title |
How to Make Animated Films |
| 260 ## - PUBLICATION, DISTRIBUTION, ETC. |
| Place of publication, distribution, etc. |
New yark |
| Name of publisher, distributor, etc. |
Focal Press |
| 942 ## - ADDED ENTRY ELEMENTS (KOHA) |
| Koha item type |
DVD Library |